General Knowledge Quiz #190 - Statistics

General Stats
  • This quiz has been taken 87,508 times
    66,676 since last reset
  • The average score is 12 of 20
Answer Stats
Question Answer % Correct
What lived in Aladdin's magic lantern? a Genie
94%
What common color word doesn't have any exact rhymes? Orange or Purple
85%
If every direction you look is North, where are you? The South Pole
82%
Complete the tennis quote: game, set, .... Match
79%
Where was the tree of the knowledge of good and evil? Garden of Eden
78%
Who led the voyage of the Niña, Pinta, and Santa Maria? Christopher Columbus
76%
In what sport do professionals have an average weight of about 150 kilograms? Sumo
74%
What is the most commonly spoken Germanic language? English
73%
What was Ronald Reagan's profession before he got into politics? Acting
70%
Which U.S. state was once a kingdom? Hawaii
59%
What unit of weight is equal to 14 pounds? a Stone
58%
What body part looks different in Vulcans and Humans? Eyebrows and Ears
58%
What language did the Vikings speak? Old Norse
57%
In the nursery rhyme, who is "quite contrary"? Mary
53%
Who would wear a habit? a Nun or Monk
50%
Master Kong was born in China in 551 BC. What is he better known as in the West? Confucius
45%
What is the opposite of occidental? Oriental
43%
What actress died in 2016, one day before her mother, Debbie Reynolds? Carrie Fisher
37%
What seafaring civilization founded Carthage, developed the alphabet, and may have sailed around Africa? Phoenicia
33%
What were the followers of reverend Sun Myung Moon called? Moonies
23%
No matching quizzes found
Score Distribution
Percent of People with Each Score
Percentile by Number Answered
Your Score History
You have not taken this quiz since the last reset